MAHARASHTRA VALUE ADDED TAX ACT 2002 (Record no. 16680)

MARC details
000 -LEADER
fixed length control field 00366nam a2200133Ia 4500
008 - FIXED-LENGTH DATA ELEMENTS--GENERAL INFORMATION
fixed length control field 240624s9999 xx 000 0 und d
041 ## - LANGUAGE CODE
Language code of text/sound track or separate title eng
082 ## - DEWEY DECIMAL CLASSIFICATION NUMBER
Classification number 336.2714 SUB
100 ## - MAIN ENTRY--PERSONAL NAME
Personal name SUBRAMANIAN P L
245 ## - TITLE STATEMENT
Title MAHARASHTRA VALUE ADDED TAX ACT 2002
260 ## - PUBLICATION, DISTRIBUTION, ETC.
Date of publication, distribution, etc. 2010
Place of publication, distribution, etc. Mumbai
Name of publisher, distributor, etc. Snow White Publications Pvt. Ltd.
300 ## - PHYSICAL DESCRIPTION
Extent 1584 : p. : cm. ; 24
365 ## - TRADE PRICE
Currency code RS
Price amount 15
Holdings
Withdrawn status Lost status Damaged status Not for loan Home library Current library Shelving location Date acquired Source of acquisition Cost, normal purchase price Full call number Barcode Date last seen Copy number Price effective from Koha item type
        IMTN IMTN Rack 12-B 03/15/2011 SLH 1395.00 336.2714 SUB 16680 06/24/2024 1 06/24/2024 Books
Designed & Maintained by: LRC IMT Nagpur Contact: lrc@imtnag.ac.in© 2024. All Rights Reserved.